Normal view
MARC view
- السياسة العسكرية- الاستراتيجية-التطورات السياسية-القوات المسلحة-الهاشميون-الملوك والحكام-تاريخ الاردن
Entry Topical Term
001 - CONTROL NUMBER
- control field: 63686
003 - CONTROL NUMBER IDENTIFIER
- control field: JO-AjAnu
005 - DATE AND TIME OF LATEST TRANSACTION
- control field: 20230606084407.0
008 - FIXED-LENGTH DATA ELEMENTS
- fixed length control field: 230606|| aca||aabn | a|a d
040 ## - CATALOGING SOURCE
- Original cataloging agency: JO-AjAnu
- Transcribing agency: JO-AjAnu
150 ## - HEADING--TOPICAL TERM
- Topical term or geographic name entry element: السياسة العسكرية- الاستراتيجية-التطورات السياسية-القوات المسلحة-الهاشميون-الملوك والحكام-تاريخ الاردن
670 ## - SOURCE DATA FOUND
- Source citation: Work cat.: (JO-AjAnu)32469: الرقاد، محمد خلف, author 63685, السياسة العسكرية في الفكر القيادي الهاشمي(من الحسين بن علي الى عبدالله الثاني بن الحسين)1916-2021م